000 00378 a2200169 4500
001 186316
020 _a85-281-0086-3
040 _cMagnum
100 _aRocha, Ruth
240 1 0 _aEste admirável mundo louco
_lpor
245 1 0 _aEste admirável mundo louco
300 _a
362 0 _a1986
440 1 _aSalamandra
697 _aLITERATURA INFANTO-JUVENIL
942 _cBK
999 _c186316
_d186316